000 00625nam a22002057a 4500
010 _aENG-112108
020 _a9780199454129
_c375.00
020 _a0199454124
_c375.00
035 _aEN-95640
037 _bDBAD/PUB
082 _aN
100 _aRamamirtham, La.Sa.
245 _aApeetha /
_cby La.Sa. Ramamirtham ; translated from Tamil by Padma Narayanan
260 _aNew Delhi
_bOxford University Press
_c2015
270 _aYMCA Library Building, 1, Jai Singh Road,
_bNew Delhi
_e110001
300 _axxxvi,141p.
_c18cm(pbk)
490 _aOxford novellas
700 _aNarayanan,Padma
942 _2ddc
_cEN
_mRAM
_hN
999 _c91259
_d91259